Statistieken voor Winnaars van de Ronde van Italië

Klik hier om de quiz te nemen!

Algemene statistieken

  • Deze quiz is 92 keer genomen
    (55 sinds de laatste reset)
  • De gemiddelde score is 28 van 106

Antwoordstatistieken

JaarNationaliteitWinnaar% Correct
1974BelgiëEddy Merckx
93%
1973BelgiëEddy Merckx
93%
1968BelgiëEddy Merckx
93%
1970BelgiëEddy Merckx
93%
1972BelgiëEddy Merckx
93%
2023SloveniëPrimoz Roglic
93%
2018Verenigd KoninkrijkChris Froome
87%
2014ColombiaNairo Quintana
87%
2015SpanjeAlberto Contador
80%
2008SpanjeAlberto Contador
80%
2017NederlandTom Dumoulin
80%
2016ItaliëVincenzo Nibali
80%
2013ItaliëVincenzo Nibali
80%
2021ColombiaEgan Bernal
67%
1960FrankrijkJacques Anquetil
60%
1964FrankrijkJacques Anquetil
60%
1985FrankrijkBernard Hinault
53%
1982FrankrijkBernard Hinault
53%
1980FrankrijkBernard Hinault
53%
1993SpanjeMiguel Indurain
53%
1992SpanjeMiguel Indurain
53%
1969ItaliëFelice Gimondi
47%
1967ItaliëFelice Gimondi
47%
1976ItaliëFelice Gimondi
47%
2020Verenigd KoninkrijkTao Geoghegan Hart
47%
2022AustraliëJai Hindley
40%
1989FrankrijkLaurent Fignon
40%
1998ItaliëMarco Pantani
40%
1987IerlandStephen Roche
40%
1984ItaliëFrancesco Moser
33%
2019EcuadorRichard Carapaz
33%
1995ZwitserlandTony Rominger
33%
1925ItaliëAlfredo Binda
27%
1927ItaliëAlfredo Binda
27%
1928ItaliëAlfredo Binda
27%
1929ItaliëAlfredo Binda
27%
1933ItaliëAlfredo Binda
27%
1947ItaliëFausto Coppi
27%
1949ItaliëFausto Coppi
27%
1952ItaliëFausto Coppi
27%
1953ItaliëFausto Coppi
27%
1940ItaliëFausto Coppi
27%
1936ItaliëGino Bartali
27%
1946ItaliëGino Bartali
27%
1937ItaliëGino Bartali
27%
1983ItaliëGiuseppe Saronni
27%
1979ItaliëGiuseppe Saronni
27%
1978BelgiëJohan De Muynck
27%
1996RuslandPavel Tonkov
27%
2012CanadaRyder Hesjedal
27%
1959LuxemburgCharly Gaul
20%
1956ZwitserlandCharly Gaul
20%
2006ItaliëIvan Basso
20%
2010ItaliëIvan Basso
20%
1988Verenigde StatenAndy Hampsten
13%
2007ItaliëDanilo Di Luca
13%
2009RuslandDenis Mensjov
13%
1990ItaliëGianni Bugno
13%
2003ItaliëGilberto Simoni
13%
2001ItaliëGilberto Simoni
13%
1971ZwedenGösta Pettersson
13%
1950ZwitserlandHugo Koblet
13%
1994RuslandJevgeni Berzin
13%
1977BelgiëMichel Pollentier
13%
1986ItaliëRoberto Visentini
13%
1919ItaliëCostante Girardengo
7%
1923ItaliëCostante Girardengo
7%
2004ItaliëDamiano Cunego
7%
1957ItaliëGastone Nencini
7%
1966ItaliëGianni Motta
7%
1981ItaliëGiovanni Battaglin
7%
1934ItaliëLearco Guerra
7%
2011ItaliëMichele Scarponi
7%
2005ItaliëPaolo Savoldelli
7%
2002ItaliëPaolo Savoldelli
7%
2000ItaliëStefano Garzelli
7%
1914ItaliëAlfonso Calzolari
0%
1932ItaliëAntonio Pesenti
0%
1961ItaliëArnaldo Pambianco
0%
1954ZwitserlandCarlo Clerici
0%
1911ItaliëCarlo Galetti
0%
1912ItaliëCarlo Galetti
0%
1910ItaliëCarlo Galetti
0%
1913ItaliëCarlo Oriani
0%
1958ItaliëErcole Baldini
0%
1975ItaliëFausto Bertoglio
0%
1948ItaliëFiorenzo Magni
0%
1951ItaliëFiorenzo Magni
0%
1955ItaliëFiorenzo Magni
0%
1931ItaliëFrancesco Camusso
0%
1962ItaliëFranco Balmamion
0%
1963ItaliëFranco Balmamion
0%
1991ItaliëFranco Chioccioli
0%
1920ItaliëGaetano Belloni
0%
1922ItaliëGiovanni Brunero
0%
1926ItaliëGiovanni Brunero
0%
1921ItaliëGiovanni Brunero
0%
1939ItaliëGiovanni Valetti
0%
1938ItaliëGiovanni Valetti
0%
1924ItaliëGiuseppe Enrici
0%
1999ItaliëIvan Gotti
0%
1997ItaliëIvan Gotti
0%
1909ItaliëLuigi Ganna
0%
1930ItaliëLuigi Marchisio
0%
1935ItaliëVasco Bergamaschi
0%
1965ItaliëVittorio Adorni
0%

Scoreverdeling

Percentiel versus Aantal Correcte Antwoorden

Procent van Mensen met Elke Score

Uw Scoregeschiedenis

U heeft deze quiz nog niet genomen sinds de laatste reset